[Event "World School-ch U11"]
[Site "Rhodes"]
[Date "2023.04.16"]
[Round "3"]
[White "Mansurov, Yusuf"]
[Black "Petroff, Vlad"]
[Result "0-1"]
[WhiteElo "1837"]
[BlackElo "1532"]
[PlyCount "184"]
[EventDate "2023.04.14"]
[EventType "swiss"]
[EventRounds "9"]
[EventCountry "GRE"]
[SourceTitle "EXT 2024"]
[Source "ChessBase"]
[SourceDate "2023.10.10"]
[SourceVersion "1"]
[SourceVersionDate "2023.10.10"]
[SourceQuality "1"]

1. e4 c6 2. Nf3 d5 3. Nc3 dxe4 4. Nxe4 Nf6 5. Qe2 Nxe4 6. Qxe4 Qa5 7. Bc4 Bf5 8. Qf4 e6 9. 0-0 Be7 10. c3 0-0 11. d4 Nd7 12. Qe3 Nf6 13. Qe2 Bg4 14. h3 Bh5 15. g4 Bg6 16. Bxe6 Rfe8 17. Bc4 Bd6 18. Be3 Nd5 19. Bxd5 Qxd5 20. Nd2 Bf4 21. Rfe1 Re7 22. c4 Qd7 23. Qf3 Bxe3 24. Rxe3 Rxe3 25. fxe3 Re8 26. Re1 Qd6 27. c5 Qe6 28. b3 f5 29. gxf5 Bxf5 30. Kh2 Rf8 31. Rf1 Rf6 32. Qg3 Rh6 33. h4 Qd7 34. e4 Be6 35. Qb8+ Qc8 36. Qxc8+ Bxc8 37. Kg3 Rg6+ 38. Kf3 Be6 39. Kf4 Kf8 40. Ke5+ Ke7 41. d5 Bd7 42. Nc4 Rh6 43. Nd6 Rh5+ 44. Kd4 cxd5 45. exd5 Rxh4+ 46. Ne4 Bh3 47. Rf2 Bd7 48. b4 g6 49. d6+ Ke8 50. Ke5 Rh5+ 51. Kd4 Rh4 52. Ke3 Rh3+ 53. Kd2 Bf5 54. Nf6+ Kf7 55. Ng4 Rd3+ 56. Ke1 Kg7 57. Ne5 Re3+ 58. Re2 Rxe2+ 59. Kxe2 Kf6 60. Nc4 Be6 61. Na5 Bd5 62. a4 b6 63. b5 bxa5 64. c6 Ke6 65. d7 Ke7 66. Ke3 Be6 67. Kd4 Bxd7 68. Kc5 Bc8 69. b6 axb6+ 70. Kxb6 Kd6 71. Kxa5 Kxc6 72. Kb4 Kb6 73. Kc4 h5 74. Kd4 h4 75. Ke3 g5 76. Kf2 Ka5 77. Kg2 Kxa4 78. Kh2 Kb4 79. Kg2 Kc4 80. Kh2 Kd4 81. Kg2 Ke4 82. Kf2 Kf4 83. Kg2 g4 84. Kh2 h3 85. Kg1 Kg3 86. Kh1 Bb7+ 87. Kg1 h2+ 88. Kf1 Kf3 89. Ke1 Ke3 90. Kd1 Kd3 91. Kc1 Kc3 92. Kb1 h1Q+ 0-1

[Event "Wch U10 blitz"]
[Site "Rhodes"]
[Date "2022.05.03"]
[Round "9"]
[White "Gabadadze, Gabriel"]
[Black "Mansurov, Yusuf"]
[Result "1/2-1/2"]
[WhiteElo "1254"]
[BlackElo "1848"]
[PlyCount "121"]
[EventDate "2022.05.03"]
[EventType "swiss (blitz)"]
[EventRounds "9"]
[EventCountry "GRE"]
[SourceTitle "CBM 208 Extra"]
[Source "ChessBase"]
[SourceDate "2022.07.31"]
[SourceVersion "1"]
[SourceVersionDate "2022.07.31"]
[SourceQuality "1"]

1. e4 c6 2. d4 d5 3. Nd2 dxe4 4. Nxe4 Bf5 5. Ng3 Bg6 6. h4 h6 7. Nf3 Nd7 8. Bd3 Bxd3 9. Qxd3 e6 10. 0-0 Ngf6 11. Bf4 Be7 12. c4 0-0 13. Rfe1 c5 14. d5 Nb6 15. d6 Re8 16. Rad1 Bf8 17. Ne4 Nxe4 18. Rxe4 f6 19. Re2 e5 20. Bg3 Qd7 21. Nd2 Rad8 22. Ne4 Qc6 23. b3 Re6 24. Qf3 Bxd6 25. Qg4 Be7 26. Red2 Rxd2 27. Rxd2 a5 28. Qg6 Nd7 29. Nc3 Nf8 30. Qg4 b6 31. Nd5 Kf7 32. Qh5+ Ng6 33. Re2 e4 34. Qg4 Ne5 35. Bxe5 Rxe5 36. Rxe4 Bd6 37. Rxe5 Bxe5 38. Qh5+ g6 39. Qxh6 b5 40. Qh7+ Ke6 41. Qe7+ Kf5 42. Ne3+ Ke4 43. Qh7 f5 44. Qh6 Bf4 45. Qf8 Bxe3 46. Qe7+ Kd3 47. Qxe3+ Kc2 48. Qe2+ Kc3 49. cxb5 Qb6 50. Qc4+ Kd2 51. a4 Kd1 52. g3 Kd2 53. Kg2 Qb7+ 54. f3 Ke3 55. Qc3+ Ke2 56. Qxc5 Kd3 57. Qe5 Qc8 58. Kf2 Kc2 59. Qe3 Qb7 60. b6 Qd5 61. Qd2+ 1/2-1/2

[Event "Wch U10 blitz"]
[Site "Rhodes"]
[Date "2022.05.03"]
[Round "6"]
[White "Mansurov, Yusuf"]
[Black "Beniosev, Daniel"]
[Result "1-0"]
[WhiteElo "1848"]
[BlackElo "1355"]
[PlyCount "113"]
[EventDate "2022.05.03"]
[EventType "swiss (blitz)"]
[EventRounds "9"]
[EventCountry "GRE"]
[SourceTitle "CBM 208 Extra"]
[Source "ChessBase"]
[SourceDate "2022.07.31"]
[SourceVersion "1"]
[SourceVersionDate "2022.07.31"]
[SourceQuality "1"]

1. e4 c5 2. c3 d5 3. exd5 Qxd5 4. d4 Nf6 5. Nf3 Nc6 6. Na3 cxd4 7. Nb5 Qd8 8. Nbxd4 Nxd4 9. Nxd4 e5 10. Nb5 Qxd1+ 11. Kxd1 Bg4+ 12. f3 0-0-0+ 13. Ke1 Bf5 14. Bg5 a6 15. Na3 h6 16. Bxf6 gxf6 17. Nc4 Bc5 18. b4 Ba7 19. g4 Bd3 20. Nd2 Be3 21. Nb3 Bc2 22. Bc4 Rhf8 23. Ke2 Ba7 24. Nd2 Bg6 25. Rhd1 f5 26. gxf5 Bxf5 27. Ne4 Kb8 28. Bd5 Rg8 29. Ng3 Bg6 30. Be4 Rc8 31. Rac1 Rcf8 32. Rd7 Bxe4 33. fxe4 Rg4 34. Rcd1 Bb6 35. Re7 Rf4 36. Rdd7 Rf2+ 37. Ke1 Be3 38. Rxb7+ Kc8 39. Nf1 Rxa2 40. Nxe3 Ra1+ 41. Ke2 Rg8 42. Ra7 Kb8 43. Reb7+ Kc8 44. Ra8+ Kxb7 45. Rxg8 Ra2+ 46. Kd3 Rxh2 47. Rg7 Rf2 48. Rh7 Kb6 49. Rxh6+ Kb5 50. Rd6 f6 51. Rd5+ Ka4 52. Ra5+ Kb3 53. Rxa6 Rf3 54. b5 Rh3 55. b6 Rh8 56. b7 Rb8 57. Ra7 1-0

[Event "Wch U10 rapid"]
[Site "Rhodes"]
[Date "2022.05.01"]
[Round "3"]
[White "Beniosev, Daniel"]
[Black "Mansurov, Yusuf"]
[Result "1-0"]
[WhiteElo "1427"]
[BlackElo "1848"]
[PlyCount "77"]
[EventDate "2022.05.01"]
[EventType "swiss (rapid)"]
[EventRounds "9"]
[EventCountry "GRE"]
[SourceTitle "CBM 208 Extra"]
[Source "ChessBase"]
[SourceDate "2022.07.31"]
[SourceVersion "1"]
[SourceVersionDate "2022.07.31"]
[SourceQuality "1"]

1. e4 c6 2. d4 d5 3. exd5 cxd5 4. Bd3 Nf6 5. c3 Nc6 6. Bf4 g6 7. Nf3 Bg7 8. Nbd2 0-0 9. h4 h5 10. Ng5 Re8 11. Ndf3 Bg4 12. Qc2 e5 13. dxe5 Nd7 14. 0-0-0 Ndxe5 15. Nxe5 Bxe5 16. Bxe5 Bxd1 17. Rxd1 Nxe5 18. Be4 Qf6 19. Bxd5 Rad8 20. g3 Re7 21. f4 Nd7 22. Bxb7 Kg7 23. Be4 Rde8 24. Bd3 Nc5 25. Bc4 Ne4 26. Nxe4 Rxe4 27. Bd5 Re2 28. Qb3 Qf5 29. Bc6 R8e7 30. Bb5 Rf2 31. Bd3 Qc5 32. Qc4 Qe3+ 33. Kb1 Qe1 34. Bc2 Rd2 35. Rc1 Qe3 36. Qb4 Red7 37. Qb5 Qxg3 38. Qe5+ Kh6 39. Qh8# 1-0

[Event "Wch U10 rapid"]
[Site "Rhodes"]
[Date "2022.05.01"]
[Round "1"]
[White "Kairat, Alexander"]
[Black "Mansurov, Yusuf"]
[Result "0-1"]
[WhiteElo "1285"]
[BlackElo "1848"]
[PlyCount "70"]
[EventDate "2022.05.01"]
[EventType "swiss (rapid)"]
[EventRounds "9"]
[EventCountry "GRE"]
[SourceTitle "CBM 208 Extra"]
[Source "ChessBase"]
[SourceDate "2022.07.31"]
[SourceVersion "1"]
[SourceVersionDate "2022.07.31"]
[SourceQuality "1"]

1. e4 c6 2. d4 d5 3. exd5 cxd5 4. Nc3 Nf6 5. Nf3 g6 6. Bf4 Nc6 7. Bd3 Bg7 8. Be2 0-0 9. 0-0 Ne4 10. Bb5 Bg4 11. Bxc6 bxc6 12. h3 Bxf3 13. Qxf3 f5 14. Qd3 Qb6 15. Ne2 g5 16. Bc1 f4 17. c3 Rf7 18. f3 Nd6 19. b3 e5 20. Ba3 Nb7 21. Kh1 Re8 22. Rad1 Qa5 23. Bb2 Qxa2 24. Qc2 Qa5 25. Ra1 Qb6 26. Rfe1 e4 27. fxe4 dxe4 28. Nc1 Rfe7 29. Ba3 Re6 30. Bb2 a5 31. Ne2 Qc7 32. c4 f3 33. gxf3 exf3 34. Rad1 Rxe2 35. Rxe2 Rxe2 0-1

[Event "Wch U10 rapid"]
[Site "Rhodes"]
[Date "2022.05.01"]
[Round "8"]
[White "Shilon Rahav, Eliran"]
[Black "Mansurov, Yusuf"]
[Result "0-1"]
[WhiteElo "1491"]
[BlackElo "1848"]
[PlyCount "58"]
[EventDate "2022.05.01"]
[EventType "swiss (rapid)"]
[EventRounds "9"]
[EventCountry "GRE"]
[SourceTitle "CBM 208 Extra"]
[Source "ChessBase"]
[SourceDate "2022.07.31"]
[SourceVersion "1"]
[SourceVersionDate "2022.07.31"]
[SourceQuality "1"]

1. e4 c6 2. d4 d5 3. exd5 cxd5 4. Bd3 Nf6 5. h3 g6 6. c3 Bg7 7. Nf3 0-0 8. 0-0 Nc6 9. Re1 Bf5 10. Bxf5 gxf5 11. Bf4 Kh8 12. Nbd2 Ne4 13. Nxe4 fxe4 14. Ng5 h6 15. Qh5 Kg8 16. Nxe4 dxe4 17. Bxh6 Qd6 18. Bxg7 Kxg7 19. Re3 Rg8 20. Rxe4 Kf8 21. d5 Nd8 22. Rae1 e6 23. Qh6+ Ke7 24. Qh4+ Ke8 25. Qh7 Rf8 26. Qh5 Ke7 27. Qh4+ Kd7 28. dxe6+ Nxe6 29. Qg4 f5 0-1